Sports Quiz

Random Sports or Country Quiz

Wolverhampton 2010-11 Sqaud Quiz Stats

 Plays Quiz not verified by Sporcle

Challenge
Share
Tweet
Embed
Score 0/35 Timer 10:00
0 Plays Today
Position Player % Correct
FWKevin Doyle
91.4%
GKWayne Hennessey
88.6%
FWSteven Fletcher
88.6%
DFGeorge Elokobi
80%
MFMatt Jarvis
80%
FWSylvan Ebanks-Blake
80%
MFNenad Milijas
74.3%
DFChristophe Berra
71.4%
DFStephen Ward
71.4%
GKCarl Ikeme
68.6%
MFDavid Edwards
68.6%
MFStephen Hunt
68.6%
MFJamie O'Hara
68.6%
DFJody Craddock
65.7%
DFRichard Stearman
65.7%
MFKarl Henry
65.7%
DFKevin Foley
62.9%
DFRonald Zubar
62.9%
Position Player % Correct
MFAdlene Guedioura
60%
DFRoger Johnson
57.1%
MFMichael Kightly
57.1%
FWSam Vokes
54.3%
MFAdam Hammill
45.7%
GKDorus de Vries
42.9%
FWStefan Maierhofer
42.9%
DFDanny Batth
40%
FWLeigh Griffiths
37.1%
FWAndy Keogh
37.1%
DFMatt Doherty
34.3%
MFDavid Davis
31.4%
FWAshley Hemmings
22.9%
MFJohnny Gorman
17.1%
DFJamie Reckord
14.3%
FWSam Winnall
14.3%
MFNathaniel Mendez-Lainf
2.9%

You're not logged in!

Compare scores with friends on all Sporcle quizzes.
Join for Free
OR
Log In

You Might Also Like...

Show Comments

Extras

Top Quizzes Today


Score Distribution

Your Account Isn't Verified!

In order to create a playlist on Sporcle, you need to verify the email address you used during registration. Go to your Sporcle Settings to finish the process.

Report this User

Report this user for behavior that violates our Community Guidelines.

Details: